000 00676nam a2200229Ia 4500
003 OSt
005 20220925215956.0
006 a|||||r|||| 00| 0
007 ta
008 220923b |||||||| |||| 00| 0 eng d
037 _cGeneral Book
040 _aRTL
_cRTL
_beng
041 _2eng
_aeng
082 _aX:3M24xM180aQ6, K8
100 _aKlugmann James Ed.
_9283935
245 0 _aDialogue of Christianity and Marxism
260 _aLondon
_bLawrence and Wishart
_c1968
300 _ax, 110p
_ccm.
650 _aEconomics Classes Karl Marx
_9230895
942 _hX:3M24xM180aQ6, K8
_cGB
_2CC
999 _c570222
_d570222